|
|
|
|
| LEADER |
00000cam a22000004a 4500 |
| 001 |
musev2_59700 |
| 003 |
MdBmJHUP |
| 005 |
20230905050132.0 |
| 006 |
m o d |
| 007 |
cr||||||||nn|n |
| 008 |
181003r19831967pau o 00 0 eng d |
| 020 |
|
|
|a 9781439917848
|
| 020 |
|
|
|z 1439917841
|
| 035 |
|
|
|a (OCoLC)1045627918
|
| 040 |
|
|
|a MdBmJHUP
|c MdBmJHUP
|
| 245 |
0 |
0 |
|a Workers' Struggles, Past and Present :
|b A "Radical America" Reader /
|c edited by James Green.
|
| 264 |
|
1 |
|a Philadelphia :
|b Temple University Press,
|c 1983.
|
| 264 |
|
3 |
|a Baltimore, Md. :
|b Project MUSE,
|c 2018
|
| 264 |
|
4 |
|c ©1983.
|
| 300 |
|
|
|a 1 online resource.
|
| 336 |
|
|
|a text
|b txt
|2 rdacontent
|
| 337 |
|
|
|a computer
|b c
|2 rdamedia
|
| 338 |
|
|
|a online resource
|b cr
|2 rdacarrier
|
| 500 |
|
|
|a Articles published in the journal from 1967 to 1982.
|
| 505 |
0 |
|
|a The demand for black labor: historical notes on the political economy of racism -- Four decades of change: black workers in Southern Textiles, 1941-1981 -- The stop watch and the wooden shoe: scientific management and the industrial workers of the world -- "The clerking sisterhood": rationalization and the work culture of saleswomen in American department stores, 1890-1960 -- Sexual harassment at the workplace: historical notes -- "Union fever"; organizing among clerical workers, 1900-1930 -- Organizing the unemployed: the early years of the Great Depression, 1929-1933 -- The possibility of radicalism in the early 1930s: the case of steel -- A. Philip Randolph and the foundations of black American socialism -- Organizing against sexual harassment -- Defending the no-strike pledge: CIO politics during World War II -- Holding the line: Miners' militancy and the strike of 1978.
|
| 506 |
0 |
|
|a Open Access
|f Unrestricted online access
|2 star
|
| 588 |
|
|
|a Description based on print version record.
|
| 650 |
0 |
7 |
|a Geschichte (1890-1981)
|2 swd
|
| 650 |
|
7 |
|a Gewerkschaft
|2 gnd
|
| 650 |
|
7 |
|a Arbeiterklasse
|2 gnd
|
| 650 |
|
7 |
|a Working class.
|2 fast
|0 (OCoLC)fst01180418
|
| 650 |
|
7 |
|a Labor unions.
|2 fast
|0 (OCoLC)fst00990260
|
| 650 |
|
7 |
|a HISTORY
|x Social History.
|2 bisacsh
|
| 650 |
|
6 |
|a Travailleurs
|z États-Unis
|x Histoire
|y 20e siecle.
|
| 650 |
|
0 |
|a Labor unions
|z United States
|x History
|y 20th century.
|
| 650 |
|
0 |
|a Working class
|z United States
|x History
|y 20th century.
|
| 651 |
|
7 |
|a USA.
|2 swd
|
| 651 |
|
7 |
|a USA
|2 gnd
|
| 651 |
|
7 |
|a United States.
|2 fast
|0 (OCoLC)fst01204155
|
| 655 |
|
7 |
|a History.
|2 fast
|0 (OCoLC)fst01411628
|
| 655 |
|
7 |
|a Electronic books.
|2 local
|
| 700 |
1 |
|
|a Green, James R.,
|d 1944-2016.
|
| 730 |
0 |
|
|a Radical America.
|
| 710 |
2 |
|
|a Project Muse.
|e distributor
|
| 830 |
|
0 |
|a Book collections on Project MUSE.
|
| 856 |
4 |
0 |
|z Texto completo
|u https://projectmuse.uam.elogim.com/book/59700/
|